O cañón de pau / (Record no. 121666)
[ view plain ]
| 000 -LEADER | |
|---|---|
| campo de control de longitud fija | 00454nam a2200157 4500 |
| 001 - NÚMERO DE CONTROL | |
| campo de control | 121666 |
| 003 - IDENTIFICADOR DE NÚMERO DE CONTROL | |
| campo de control | ES-MaACL |
| 005 - FECHA Y HORA DE LA ÚLTIMA TRANSACCIÓN | |
| campo de control | 20230906191809.0 |
| 007 - CAMPO FIJO DE DESCRIPCIÓN FÍSICA--INFORMACIÓN GENERAL | |
| campo de control de longitud fija | t| |
| 008 - DATOS DE LONGITUD FIJA--INFORMACIÓN GENERAL | |
| campo de control de longitud fija | 070214s1976 sp r ||||1| gao d |
| 100 1# - ENTRADA PRINCIPAL--NOMBRE DE PERSONA | |
| Nombre de persona | Portela Pazos, Salustiano. |
| 9 (RLIN) | 93211 |
| 245 10 - MENCIÓN DEL TÍTULO | |
| Título | O cañón de pau / |
| Mención de responsabilidad, etc. | Salustiano Portela Pazos. |
| 260 ## - PUBLICACIÓN, DISTRIBUCIÓN, ETC. | |
| Lugar de publicación, distribución, etc. | Pontevedra : |
| Nombre del editor, distribuidor, etc. | E. Paredes, |
| Fecha de publicación, distribución, etc. | 1976. |
| 300 ## - DESCRIPCIÓN FÍSICA | |
| Extensión | 209 p., 2 lám. ; |
| Dimensiones | 20 cm + |
| Material acompañante/anejo | 1 map. |
| 852 ## - LOCALIZACIÓN | |
| Ubicación | ES-MaACL |
| Número de control de estantería | A-5747 |
| Sublocalización o colección | R.94451 |
| Estatus retirado | Estado de pérdida | Estado de daño | No para préstamo | Biblioteca de origen | Biblioteca actual | Ubicación en estantería | Fecha de adquisición | Fuente de adquisición | Total de préstamos | Signatura topográfica completa | Código de barras | Visto por última vez | Precio de reemplazo | Tipo de ítem Koha |
|---|---|---|---|---|---|---|---|---|---|---|---|---|---|---|
| Biblioteca del Ateneo de Madrid | Biblioteca del Ateneo de Madrid | Sala Pecera Planta 1 | 17/01/2008 | A-5747 | 1126791 | 23/02/2023 | 23/02/2023 | Libro impreso |
